Régions du Japon (avec une carte) - Statistiques

Statistiques générales
  • Ce quiz a été pris 571 fois
  • Le résultat moyen est 5 sur 8
Réponses sur la Carte
Les réponses sont colorées sur une échelle allant du rouge au vert en fonction du pourcentage des utilisateurs qui les ont devinées à leur premier essai. Vous pouvez retrouver ces pourcentages ci-dessous.
 
Statistiques - réponses
Régions % Correct
Hokkaidō
94%
Kyūshū & Okinawa
77%
Kantō
74%
Kansai
61%
Shikoku
61%
Tōhoku
51%
Chūbu
50%
Chūgoku
45%
Aucun quiz correspondant
Distribution des résultats
% des personnes avec chaque résultat
Percentile par nombre de réponses
Votre historique - résultats
Vous n’avez pas pris ce quiz